|
|
|
|
| LEADER |
01333nam a2200349 a 4500 |
| 001 |
EBC912162 |
| 003 |
MiAaPQ |
| 005 |
20200520144314.0 |
| 006 |
m o d | |
| 007 |
cr cn||||||||| |
| 008 |
120524s2012 enk sb 001 0 eng d |
| 020 |
|
|
|z 9781119950967
|
| 020 |
|
|
|a 9781118314180 (electronic bk.)
|
| 035 |
|
|
|a (MiAaPQ)EBC912162
|
| 035 |
|
|
|a (Au-PeEL)EBL912162
|
| 035 |
|
|
|a (CaPaEBR)ebr10559416
|
| 035 |
|
|
|a (CaONFJC)MIL362249
|
| 035 |
|
|
|a (OCoLC)793166892
|
| 040 |
|
|
|a MiAaPQ
|c MiAaPQ
|d MiAaPQ
|
| 050 |
|
4 |
|a HB522
|b .B45 2012
|
| 100 |
1 |
|
|a Bellandi, Francesco.
|
| 245 |
1 |
0 |
|a Wiley dual reporting for equity and other comprehensive income
|h [electronic resource] :
|b under IFRSs and U.S. GAAP /
|c by Francesco Bellandi.
|
| 246 |
3 |
0 |
|a Dual reporting for equity and other comprehensive income
|
| 260 |
|
|
|a West Sussex [England] :
|b John Wiley & Sons,
|c 2012.
|
| 300 |
|
|
|a xx, 436 p.
|
| 504 |
|
|
|a Includes bibliographical references and index.
|
| 533 |
|
|
|a Electronic reproduction. Ann Arbor, MI : ProQuest, 2015. Available via World Wide Web. Access may be limited to ProQuest affiliated libraries.
|
| 650 |
|
0 |
|a Income.
|
| 650 |
|
0 |
|a Equity.
|
| 655 |
|
4 |
|a Electronic books.
|
| 710 |
2 |
|
|a ProQuest (Firm)
|
| 856 |
4 |
0 |
|u https://ebookcentral.proquest.com/lib/matrademy/detail.action?docID=912162
|z Click to View
|